1924 1743 1525 1500 1894 1962 1406 1521 1973 1625 1959 1216 1208 1072 1466 1603 1021 1704 1112 1832 1222 1745 1907 1060 1328 1539 1832 1659 1887 1837 1629 1741 1786 1197 1649 1904 1824 1500 1914 1610 1246 1529 1904 1117 1919 1142 1394 1198 1329 1077 1425 1849 1630 1979 1909 1786 1737 1233 1503 1431 1305 1970 1457 1879 1563 1764 1939 1236 1962 1112 1804 1025 1213 1182 1610 1137 1187 1614 1274 1431 1450 1826 1808 1957 1277 1640 1967 1622 1925 1896 1418 1449 1140 1250 1557 1252 1876 1394 1139 BCNSPRNW ULIB Ver.6.0+V

เปลี่ยนเป็นภาษาไทย

Change to English
 แสดงรายละเอียดบรรณานุกรม
  กลับหน้าหลัก

Brief Record : Get Marc (ISO 2709) : E-mail record : QR code < ปิดหน้าต่าง
LEADER : 00000nam 2200000uu 4500
001    13399108848
003     ULIB
008    110315s2552||||th 000 0 tha d
020    9786161100933
060 04 W225.JT3^bส691ค ล.1 2552
245 00 คู่มือบริหารงบกองทุนหลักประกันสุขภาพแห่งชาติ เล่ม 1 :^pการบริหารงบเหมาจ่ายรายหัวในระบบหลักประกันสุขภาพถ้วนหน้า /^cสำนักงานหลักประกันสุขภาพแห่งชาติ
246 30 การบริหารงบเหมาจ่ายรายหัวในระบบหลักประกันสุขภาพถ้วนหน้า
250    พิมพ์ครั้งที่ 2
260    นนทบุรี :^bสำนักงาน,^c2552
300    391 หน้า ;^c30 ซม.
610 27 โครงการหลักประกันสุขภาพถ้วนหน้า
650  7 บริการสุขภาพ^xค่าใช้จ่าย^vคู่มือ
650  7 ประกันสุขภาพ^vคู่มือ
650  7 กองทุนสุขภาพ^vคู่มือ
653    หลักประกันสุขภาพแห่งชาติ
710 2  สำนักงานหลักประกันสุขภาพแห่งชาติ
945    ^p0^l0^i026614
945    ^p0^l0^i026613
995    ทศพร
999 ^a ใช้งานได้ทุกระบบ
รายการนี้ยังไม่มีแท็ก
คุณยังไม่ได้ล็อกอิน คุณสามารถมีกิจกรรมร่วมกับเว็บไซต์ได้ แต่ต้องล็อกอินก่อน ::
  ล็อกอิน

รายการสื่อสารสนเทศ

ลำดับที่ ประเภท เลขเรียก/บาร์โค้ด สถานที่ สถานะ
- ไม่พบข้อมูล -

BibComment


ยังไม่เคยถูกคอมเมนท์

คอมเมนท์ทรัพยากรรายการนี้
  คอมเมนท์: คู่มือบริหารงบกอง..


 Copyright 2026. Bcnsprnw @Library